Подробности
| 000 -МАРКЕР |
| контрольное поле |
01836nam2a22002531 4500 |
| 001 - ИДЕНТИФИКАТОР ЗАПИСИ |
| контрольное поле |
rc\4580320 |
| 005 - ИДЕНТИФИКАТОР ВЕРСИИ |
| контрольное поле |
20260406160032.0 |
| 021 ## - НОМЕР ГОСУДАРСТВЕННОЙ РЕГИСТРАЦИИ |
| Код страны |
Российская Федерация |
| Номер |
[62-24472] |
| 035 ## - ДРУГИЕ СИСТЕМНЫЕ НОМЕРА |
| Идентификатор записи |
(NLR Aleph) 008656380 |
| 100 ## - ДАННЫЕ ОБЩЕЙ ОБРАБОТКИ |
| Данные общей обработки |
20130416d1961 |||y0rusy50 ca |
| 101 0# - ЯЗЫК РЕСУРСА |
| Язык текста, звукозаписи и т.д. |
русский |
| 102 ## - СТРАНА ПУБЛИКАЦИИ ИЛИ ПРОИЗВОДСТВА |
| Страна публикации |
Российская Федерация |
| 105 ## - ПОЛЕ КОДИРОВАННЫХ ДАННЫХ: ТЕКСТОВЫЕ МАТЕРИАЛЫ, МОНОГРАФИЧЕСКИЕ |
| Кодированные данные о монографическом текстовом документе |
y z ||||| |
| 200 1# - ЗАГЛАВИЕ И СВЕДЕНИЯ ОБ ОТВЕТСТВЕННОСТИ |
| Основное заглавие |
Альбомы чертежей ремонтных деталей и эскизов к пооперационной обработке при изготовлении ремонтных деталей и при ремонте деталей |
| Сведения, относящиеся к заглавию |
[В 3 т.] |
| Первые сведения об ответственности |
Гос. ком. Совета Министров РСФСР по координации науч.-исслед. работ. ЦБТИ лесной пром-сти |
| 210 ## - ПУБЛИКАЦИЯ, РАСПРОСТРАНЕНИЕ И ДР. |
| Дата издания, распространения и т.д. |
1961 |
| Место издания, распространения и т.д. |
Б. м. |
| 215 ## - ФИЗИЧЕСКАЯ ХАРАКТЕРИСТИКА |
| Специфическое обозначение материала и объем |
[161] с. |
| Размеры |
29 |
| 461 #0 - УРОВЕНЬ НАБОРА |
| Встроенное поле |
001rc\4580317 |
| -- |
2001#$aМаршрутная технология ремонта деталей автомобилей МАЗ-200 и МАЗ-501$e(В 3 т.)$eТ. 1-$fГос. ком. Совета Министров РСФСР по координации науч.-исслед. работ. ГосИНТИ. Отд. лесной пром-сти$vТ. 3 |
| Системный номер (АБИС) связанной записи |
9033981 |
| Место публикации |
Москва |
| Дата публикации |
1962 |
| Первые сведения об ответственности |
Гос. ком. Совета Министров РСФСР по координации науч.-исслед. работ. ГосИНТИ. Отд. лесной пром-сти |
| Имя издателя, распространителя и т.д. |
Б. и. |
| Сведения, относящиеся к заглавию |
(В 3 т.) : Т. 1- |
| Заглавие |
Маршрутная технология ремонта деталей автомобилей МАЗ-200 и МАЗ-501 |
| Номер тома |
Т. 3 |
| 712 02 - НАИМЕНОВАНИЕ ОРГАНИЗАЦИИ - ВТОРИЧНАЯ ОТВЕТСТВЕННОСТЬ |
| Начальный элемент ввода |
Центральное бюро технической информации лесной промышленности |
| Идентифицирующий признак |
Москва |
| Идентификатор авторитетной/нормативной записи |
RU\NLR\AUTH\889931374 |
| Системный номер авторитетной/нормативной записи |
358196 |
| 801 #0 - ИСТОЧНИК ЗАПИСИ |
| Страна |
Российская Федерация |
| Организация |
NLR |
| Правила каталогизации |
psbo |
| 801 #1 - ИСТОЧНИК ЗАПИСИ |
| Страна |
Российская Федерация |
| Организация |
ELAR |
| Источник данных |
rusmarc |
| 852 ## - МЕСТОНАХОЖДЕНИЕ И ШИФР ХРАНЕНИЯ |
| Идентификатор организации |
NLR |
| Шифр хранения (Call Number) |
62-8/1441 |
| 942 ## - ДОПОЛНИТЕЛЬНЫЕ ЭЛЕМЕНТЫ ЗАПИСИ (АБИС) |
| Тип экземпляра АБИС |
Книга |
| 980 ## - КОЛЛЕКЦИЯ |
| Название коллекции |
Национальная библиография |